00573 2200181 4500001002100000005001500021035002000036245015600056100002100212300000800233260003900241082000800280084001400288020001800302008003900320990001600359990001600375INLIS00000000000192920191015031210 a0010-10190001231 aPribadi dan Martabat Buaya Hamka :bSangan Berharga Bagi Kita untuk mengenal hamka seutuhnya. Dari segi ini kita mengenal seutuhnya /cH. Rusydi hamkah0 aH. Rusydi hamkah a406 aJakarta :bPT Mizan Publika,c2016 a800 a800 H. p a9786023852406191015 | | |  a00000001658 a00000001658